书目信息 |
| 题名: |
英语全攻略
|
|
| 作者: | 赵纬 编著 | |
| 分册: | ||
| 出版信息: | 北京 中国纺织出版社 2004.6 |
|
| 页数: | 327页 | |
| 开本: | 26cm | |
| 丛书名: | ||
| 单 册: | ||
| 中图分类: | H31 | |
| 科图分类: | ||
| 主题词: | 英语--ying yu--高等学校--教学参考资料 , 英语--ying yu | |
| 电子资源: | ||
| ISBN: | 7-5064-2949-7 | |
| 000 | 01068nam0 2200265 45 | |
| 001 | 012004122603 | |
| 005 | 20061225163403.68 | |
| 010 | @a7-5064-2949-7@dCNY34.00 | |
| 100 | @a20040727d2004 em y0chiy0121 ea | |
| 101 | 0 | @achi@aeng |
| 102 | @aCN@b110000 | |
| 105 | @ay a 000yy | |
| 200 | 1 | @a英语全攻略@Aying yu quan gong lue@e听、说、读、写、译@d= English : listening, speaking, reading, writing, translation@f赵纬编著@zeng |
| 210 | @a北京@c中国纺织出版社@d2004.6 | |
| 215 | @a327页@d26cm | |
| 314 | @a赵纬, 教授, 北京科技大学外语研究所副所长, 著有《普通与科技英语写作技巧》等。 | |
| 320 | @a有书目 (第327页) | |
| 330 | @a本书提供了听、说、读、写、译五门科目的基本知识与相关的答题技巧。主要内容有: 对话与短文的听力理解技巧; 日? 疤獾目谟锉泶锓绞? 翻译中常见的基本英、汉互译技巧等。 | |
| 510 | 1 | @aEnglish@eListening, speaking, reading, writing, translation@zeng |
| 606 | 0 | @a英语@Aying yu@x高等学校@j教学参考资料 |
| 606 | 0 | @a英语@Aying yu |
| 690 | @aH31@v4 | |
| 701 | 0 | @a赵纬@Azhao wei@4编著 |
| 801 | 0 | @aCN@c20061225 |
| 905 | @a10447@dH31@eZ333 | |
| 英语全攻略:听、说、读、写、译= English : listening, speaking, reading, writing, translation/赵纬编著.-北京:中国纺织出版社,2004.6 |
| 327页;26cm |
| ISBN 7-5064-2949-7:CNY34.00 |
| 本书提供了听、说、读、写、译五门科目的基本知识与相关的答题技巧。主要内容有: 对话与短文的听力理解技巧; 日? 疤獾目谟锉泶锓绞? 翻译中常见的基本英、汉互译技巧等。 |
| ● |
| 相关链接 |
|
|
|
正题名:英语全攻略
索取号:H31/Z333
 
预约/预借
| 序号 | 登录号 | 条形码 | 馆藏地/架位号 | 状态 | 备注 |
| 1 | 641596 | 206415967 | 语言库209/209语言库 91排1列4层/ [索取号:H31/Z333] | 在馆 | |
| 2 | 641597 | 206415976 | 语言库209/209语言库 91排1列4层/ [索取号:H31/Z333] | 在馆 | |
| 3 | 641598 | 206415985 | 语言库209/209语言库 91排1列4层/ [索取号:H31/Z333] | 在馆 |